Australian Soccer League Top 4 Positions - Statistics

General Stats
  • This quiz has been taken 129 times
  • The average score is 11 of 14
Answer Stats
Answer % Correct
Sydney FC
100%
Melbourne City
98%
Perth Glory
93%
Adelaide United
92%
Brisbane Roar
90%
Queensland Roar
90%
Newcastle Jets
78%
Wellington Phoenix
75%
Central Coast Mariners
71%
Melbourne Victory
70%
Western Sydney Wanderers
64%
Gold Coast United
61%
Western United
58%
Macarthur FC
54%
No matching quizzes found
Score Distribution
Percent of People with Each Score
Percentile by Number Answered
Your Score History
You have not taken this quiz